Llwytho...

Juda theruvu /

Manylion Llyfryddiaeth
Prif Awdur: Sebastian, Pallithode
Iaith:Undetermined
Cyhoeddwyd: Kochi : Pranatha Books , 2004.
LEADER 00676nam a2200169Ia 4500
001 141052
008 170722s9999 xx 000 0 und d
020 |a 8188810258 
100 |a Sebastian, Pallithode 
245 |a Juda theruvu / 
260 |a Kochi :  |b Pranatha Books ,  |c 2004. 
300 |a 88 p.  |c 21cms 
923 |d 20041230  |n 767 
942 |c GEN 
999 |c 130374  |d 130374 
952 |0 0  |1 0  |4 0  |6 O_3231NSE9X_P4KRP41  |7 0  |8 KR  |9 184176  |a LIB  |b LIB  |d 2013-03-25  |e CBS  |o O32,31NSE9x P4(KR)-P4;1  |p 255994  |r 2017-08-12  |v 50.00  |w 2017-08-12  |y GEN 
952 |0 0  |1 0  |4 0  |6 O_3231NSE9X_P4KRP41  |7 0  |9 184177  |a LIB  |b LIB  |d 2013-03-25  |e CBS  |l 2  |o O32,31NSE9x P4(KR)-P4;1  |p 255995  |r 2018-02-28  |s 2017-12-16  |v 50.00  |w 2017-08-12  |y GEN